[Event "Czech League, Extraliga"]
[Site "?"]
[Date "2012.03.04"]
[Round "8"]
[White "Rosko, Lubos"]
[Black "Laznicka, Viktor"]
[Result "1/2-1/2"]
[WhiteElo "2322"]
[BlackElo "2701"]
[PlyCount "293"]
[EventDate "2012.??.??"]

1. d4 d5 2. c4 e6 3. Nc3 Bb4 4. Qa4+ Nc6 5. e3 Nf6 6. Nf3 O-O 7. Bd2 a6 8. a3
Bd6 9. c5 Be7 10. b4 Ne4 11. b5 Nxd2 12. Nxd2 Na7 13. bxa6 Nc6 14. Nf3 Bd7 15.
Qc2 bxa6 16. Bd3 f5 17. O-O Bf6 18. Rab1 g5 19. Na2 g4 20. Nd2 Ne7 21. Nb3 a5
22. Qd2 c6 23. Nc3 e5 24. dxe5 Bxe5 25. Ne2 Ng6 26. g3 Ra7 27. Nf4 Qf6 28. Be2
Re8 29. Rfd1 Qe7 30. Nd3 a4 31. Nbc1 Bf6 32. Bf1 d4 33. exd4 Bxd4 34. Re1 Qf7
35. Rxe8+ Qxe8 36. Nf4 Ne5 37. Bg2 Bxc5 38. Ncd3 Nxd3 39. Qxd3 Bf8 40. Qd4 Ra5
41. Rb7 Bc8 42. Rb8 Rc5 43. Nd3 Rc2 44. Qxa4 Rc3 45. Bf1 Rxa3 46. Qc4+ Be6 47.
Qf4 Qe7 48. Qh6 Bc4 49. Qxc6 Bf7 50. Qc8 Ra1 51. Qxf5 Qe6 52. Qc5 Be8 53. Qe5
Qxe5 54. Nxe5 Bg6 55. Nxg4 Bd3 56. Ne3 Kf7 57. Rd8 Be4 58. Rd1 Ra7 59. Bg2 Bg6
60. Bd5+ Kg7 61. Bc6 Kf6 62. Kg2 Bc5 63. Rd2 Ra3 64. Re2 Kg7 65. Bf3 Rc3 66.
Nd5 Ra3 67. Nf4 Bd6 68. Nxg6 hxg6 69. h4 Rd3 70. Rc2 Bb4 71. Rc7+ Kf6 72. Rc6+
Rd6 73. Rc4 Ba5 74. Rf4+ Kg7 75. Rg4 Kh6 76. Ra4 Bb6 77. Be2 Rd2 78. Re4 Kg7
79. f4 Kf6 80. Kf3 Rc2 81. Kg4 Rc3 82. Bf3 Re3 83. Rb4 Ba5 84. Ra4 Be1 85. Ra6+
Kg7 86. Ra7+ Kf6 87. Rb7 Bf2 88. Rb6+ Kg7 89. Rb2 Be1 90. Rh2 Re6 91. Rh3 Re3
92. h5 gxh5+ 93. Rxh5 Re6 94. f5 Rh6 95. Rg5+ Kf6 96. Rg8 Bxg3 97. Kxg3 Kxf5
98. Ra8 Rg6+ 99. Kf2 Rb6 100. Ra4 Ke5 101. Kg3 Rg6+ 102. Bg4 Rb6 103. Ra3 Kd4
104. Bf3 Rd6 105. Ra4+ Kc5 106. Re4 Kd5 107. Re1+ Kd4 108. Re7 Kc5 109. Kf4 Rg6
110. Be4 Rf6+ 111. Ke3 Rh6 112. Rf7 Rh3+ 113. Bf3 Rh4 114. Rf6 Kb5 115. Rc6 Kb4
116. Rc1 Kb3 117. Be4 Kb4 118. Rc8 Kb3 119. Rc7 Kb4 120. Bd3 Rh3+ 121. Kd4 Ka4
122. Rb7 Rh4+ 123. Be4 Rg4 124. Rb8 Rh4 125. Kd3 Ka5 126. Kd4 Ka4 127. Kd5 Ka3
128. Rb7 Rg4 129. Kd4 Ka4 130. Kd3 Ka5 131. Kd4 Ka4 132. Kd5 Ka3 133. Bd3 Rb4
134. Rh7 Rg4 135. Rh8 Kb3 136. Rh1 Kc3 137. Be4 Kb3 138. Rh8 Rf4 139. Bd3 Ka3
140. Rb8 Rb4 141. Rh8 Rg4 142. Rh1 Kb3 143. Be4 Kc3 144. Rh8 Kb3 145. Bd3 Rb4
146. Rh1 Rg4 147. Be4 1/2-1/2

[Event "Czech League-2, Zapad"]
[Site "?"]
[Date "2011.10.30"]
[Round "2"]
[White "Votava, Jan"]
[Black "Navara, David"]
[Result "1/2-1/2"]
[WhiteElo "2538"]
[BlackElo "2705"]
[PlyCount "125"]
[EventDate "2011.??.??"]

1. d4 Nf6 2. Nf3 e6 3. g3 b5 4. Bg2 Bb7 5. O-O d5 6. c3 Nbd7 7. a4 b4 8. a5 Ba6
9. Re1 c5 10. cxb4 cxb4 11. Bg5 Be7 12. Nbd2 O-O 13. e3 Ne4 14. Bxe7 Qxe7 15.
Nxe4 dxe4 16. Nd2 f5 17. f3 exf3 18. Bxf3 Rac8 19. Qb3 Kh8 20. Rac1 e5 21. Bg2
Bb5 22. Nf3 e4 23. Nd2 Nf6 24. Bf1 Bxf1 25. Rxf1 g6 26. Rc4 Ng4 27. h3 Nf6 28.
Rfc1 Rxc4 29. Qxc4 Nh5 30. Qc7 Qg5 31. Qe5+ Ng7 32. Nf1 Re8 33. Qb5 h6 34. Rc7
f4 35. Rc5 Qf6 36. gxf4 Qh4 37. Qd7 g5 38. Rc8 Rxc8 39. Qxc8+ Kh7 40. Qb7 Qxh3
41. Qxe4+ Qf5 42. Qxf5+ Nxf5 43. fxg5 hxg5 44. Kf2 g4 45. a6 Kg6 46. b3 Kg5 47.
Ng3 Nd6 48. Kg2 Kh4 49. Kh2 Kg5 50. Kg1 Kh4 51. Kg2 Kg5 52. Kf2 Nb5 53. Ne4+
Kh4 54. Nc5 Kh3 55. Kg1 Kg3 56. Nd3 Kf3 57. Nxb4 Kxe3 58. Nc6 Nxd4 59. Nxd4
Kxd4 60. Kg2 Kc5 61. Kg3 Kb6 62. Kxg4 Kxa6 63. Kf3 1/2-1/2

[Event "Czech League-2, Zapad"]
[Site "?"]
[Date "2011.11.13"]
[Round "3"]
[White "Navara, David"]
[Black "Jirovsky, Milos"]
[Result "1-0"]
[WhiteElo "2705"]
[BlackElo "2466"]
[PlyCount "40"]
[EventDate "2011.??.??"]

1. d4 d5 2. c4 c6 3. Nc3 Nf6 4. Nf3 Qb6 5. Qc2 dxc4 6. e4 Bg4 7. Bxc4 Bxf3 8.
gxf3 g6 9. Be3 Bg7 10. e5 Nh5 11. O-O-O O-O 12. f4 Na6 13. f5 Nb4 14. Qe4 Kh8
15. Bxf7 Rxf7 16. fxg6 Rff8 17. Qg4 Nf6 18. Qh4 Kg8 19. exf6 Rxf6 20. Qxh7+ Kf8
1-0

[Event "Czech League-2, Zapad"]
[Site "?"]
[Date "2011.11.27"]
[Round "4"]
[White "Romanov, Evgeny"]
[Black "Navara, David"]
[Result "1/2-1/2"]
[WhiteElo "2639"]
[BlackElo "2705"]
[PlyCount "49"]
[EventDate "2011.??.??"]

1. Nf3 Nf6 2. c4 g6 3. Nc3 d5 4. e3 Bg7 5. Qb3 e6 6. Qa3 Nc6 7. cxd5 exd5 8.
Bb5 Bd7 9. Bxc6 Bxc6 10. O-O Ne4 11. d3 Qd6 12. Qb3 Nc5 13. Qc2 O-O 14. d4 Ne4
15. b3 a5 16. a4 Rfc8 17. Ba3 Qe6 18. Rac1 Nxc3 19. Qxc3 Bd7 20. Qd2 Qe8 21.
Ne1 Bf5 22. Nd3 Bxd3 23. Qxd3 c6 24. Rb1 Bf8 25. Bxf8 1/2-1/2

[Event "Czech League-2, Zapad"]
[Site "?"]
[Date "2012.02.12"]
[Round "8"]
[White "Svoboda, Vaclav"]
[Black "Navara, David"]
[Result "0-1"]
[WhiteElo "2321"]
[BlackElo "2705"]
[PlyCount "74"]
[EventDate "2012.??.??"]

1. e4 c5 2. Nf3 d6 3. d4 cxd4 4. Nxd4 Nf6 5. Nc3 a6 6. Be3 e6 7. Be2 Qc7 8. f4
b5 9. Bf3 Bb7 10. a3 Nbd7 11. O-O Be7 12. Qe1 O-O 13. Qg3 Nc5 14. e5 dxe5 15.
fxe5 Nce4 16. Nxe4 Nxe4 17. Bxe4 Bxe4 18. c3 Rfb8 19. Qf4 Bg6 20. Rfd1 a5 21.
Qf3 Rc8 22. Bf4 Rab8 23. Kh1 Bf8 24. h3 Qc4 25. Rac1 Qa2 26. Qe2 b4 27. axb4
axb4 28. c4 Ra8 29. Kh2 h6 30. Nb5 b3 31. Ra1 Qxa1 32. Rxa1 Rxa1 33. Be3 Rd8
34. Bd4 Rc1 35. Bc3 Bc5 36. Nd6 Rxc3 37. bxc3 Rxd6 0-1

[Event "Czech League-2, Zapad"]
[Site "?"]
[Date "2012.02.26"]
[Round "9"]
[White "Navara, David"]
[Black "Havlikova, Kristyna"]
[Result "1-0"]
[WhiteElo "2705"]
[BlackElo "2285"]
[PlyCount "59"]
[EventDate "2012.??.??"]

1. d4 Nf6 2. c4 g6 3. g3 Bg7 4. Bg2 d5 5. cxd5 Nxd5 6. e4 Nb4 7. d5 c6 8. Ne2
O-O 9. O-O cxd5 10. exd5 Bf5 11. Nbc3 Qd7 12. a3 Nd3 13. g4 Nxc1 14. gxf5 Nxe2+
15. Qxe2 gxf5 16. Rfe1 Bf6 17. Qf3 Kh8 18. Bh3 Rg8+ 19. Kh1 e6 20. Rad1 Qc8 21.
Ne4 Be5 22. Qh5 Rg7 23. Ng5 Qg8 24. Nxf7+ Rxf7 25. dxe6 Re7 26. Rxe5 Nc6 27.
Rxf5 Rxe6 28. Rf7 Rg6 29. Rxb7 Rf8 30. Bf5 1-0

[Event "Dubai Open"]
[Site "Dubai"]
[Date "2012.04.15"]
[Round "1"]
[White "Jobava, Baadur"]
[Black "Primbetov, Kazbek"]
[Result "1-0"]
[WhiteElo "2706"]
[BlackElo "2220"]
[PlyCount "97"]
[EventDate "2012.??.??"]

1. c4 Nf6 2. Nc3 c5 3. g3 g6 4. Bg2 Bg7 5. Nf3 Nc6 6. O-O O-O 7. d4 cxd4 8.
Nxd4 Ng4 9. e3 Nge5 10. b3 d6 11. Nde2 Bf5 12. e4 Bd7 13. h3 Be8 14. Be3 Rc8
15. Qd2 Qa5 16. Bh6 a6 17. Bxg7 Kxg7 18. a4 Qb4 19. Rab1 f6 20. Nf4 Bf7 21.
Nfd5 Qc5 22. Rfd1 a5 23. Nb5 Rfd8 24. Kh2 Nd7 25. Qb2 h5 26. h4 Nde5 27. Bh3 e6
28. f4 exd5 29. fxe5 Nxe5 30. Bxc8 Rxc8 31. exd5 Ng4+ 32. Kh3 Nf2+ 33. Kg2 Nxd1
34. Rxd1 Re8 35. Rf1 Re5 36. Qf2 Bxd5+ 37. cxd5 Qxd5+ 38. Qf3 Re2+ 39. Rf2
Rxf2+ 40. Kxf2 Qc5+ 41. Kg2 Qc2+ 42. Kh3 Qc8+ 43. Kh2 Qc2+ 44. Qg2 Qxb3 45.
Nxd6 Kh6 46. Qd2+ Kh7 47. Qe2 Kh6 48. Qe8 Qc2+ 49. Kh3 1-0

[Event "Dubai Open"]
[Site "?"]
[Date "2012.04.16"]
[Round "2"]
[White "Nitin, S."]
[Black "Jobava, Baadur"]
[Result "0-1"]
[WhiteElo "2420"]
[BlackElo "2706"]
[PlyCount "74"]
[EventDate "2012.??.??"]
[SourceDate "2012.04.17"]

1. e4 c5 2. Nf3 Nc6 3. d4 cxd4 4. Nxd4 g6 5. c4 Bg7 6. Be3 Nf6 7. Nc3 O-O 8.
Be2 b6 9. O-O Bb7 10. Nxc6 Bxc6 11. f3 Ne8 12. Qd2 Nd6 13. Bd4 Bxd4+ 14. Qxd4
f5 15. e5 Nf7 16. f4 e6 17. Bf3 Qe7 18. Nb5 g5 19. Rad1 gxf4 20. Nd6 Nh8 21.
Qxf4 Ng6 22. Qd4 Kh8 23. Kh1 Qg7 24. Rde1 Rg8 25. b4 Raf8 26. b5 Bxf3 27. gxf3
Qh6 28. Rg1 Qh5 29. Rg3 Nh4 30. Rh3 Nxf3 31. Rxh5 Nxd4 32. Rh3 f4 33. Ne4 f3
34. Nf6 Rxf6 35. exf6 f2 36. Rd1 Ne2 37. Rg3 Rxg3 0-1

[Event "Dubai Open"]
[Site "?"]
[Date "2012.04.18"]
[Round "3"]
[White "Jobava, Baadur"]
[Black "Ghaem Maghami, Ehsan"]
[Result "1-0"]
[WhiteElo "2706"]
[BlackElo "2581"]
[PlyCount "67"]
[EventDate "2012.??.??"]
[SourceDate "2012.04.18"]

1. d4 Nf6 2. c4 e6 3. Nf3 b6 4. a3 Bb7 5. Nc3 d5 6. Qc2 dxc4 7. e4 c5 8. d5
exd5 9. Nxd5 Nxd5 10. exd5 b5 11. b3 Qxd5 12. bxc4 Qe6+ 13. Be3 Be4 14. Qa2 Be7
15. cxb5 Bd5 16. Qc2 Bb3 17. Qb1 Bf6 18. Bd3 Bxa1 19. Qxa1 Nd7 20. O-O O-O-O
21. Re1 Qd5 22. Bf1 Rhe8 23. a4 f6 24. Qc3 Nb6 25. a5 Na4 26. Qa1 Bd1 27. b6
axb6 28. axb6 Kb7 29. g3 Bxf3 30. Qxa4 Ra8 31. Ba6+ Rxa6 32. Qxe8 Rxb6 33. Bf4
Qc6 34. Qf7+ 1-0

[Event "Dubai Open"]
[Site "?"]
[Date "2012.04.18"]
[Round "4"]
[White "Pantsulaia, Levan"]
[Black "Jobava, Baadur"]
[Result "1/2-1/2"]
[WhiteElo "2595"]
[BlackElo "2706"]
[PlyCount "52"]
[EventDate "2012.??.??"]
[SourceDate "2012.04.19"]

1. e4 c5 2. Nf3 d6 3. d4 cxd4 4. Nxd4 Nf6 5. Nc3 a6 6. Bg5 e6 7. f4 Nbd7 8. Qf3
Qc7 9. O-O-O b5 10. e5 Bb7 11. Qh3 dxe5 12. Nxe6 fxe6 13. Qxe6+ Be7 14. Bxb5
axb5 15. Nxb5 Qc6 16. Nd6+ Kd8 17. fxe5 Nd5 18. Bxe7+ Nxe7 19. Nf7+ Kc7 20.
Qxe7 Rxa2 21. e6 Ra1+ 22. Kd2 Qxg2+ 23. Kc3 Qc6+ 24. Kd2 Qg2+ 25. Kc3 Qc6+ 26.
Kd2 Qg2+ 1/2-1/2

[Event "Dubai Open"]
[Site "?"]
[Date "2012.04.19"]
[Round "5"]
[White "Ni, Hua"]
[Black "Jobava, Baadur"]
[Result "1/2-1/2"]
[WhiteElo "2637"]
[BlackElo "2706"]
[PlyCount "60"]
[EventDate "2012.??.??"]
[SourceDate "2012.04.20"]

1. d4 d5 2. c4 c6 3. Nf3 Nf6 4. Nc3 dxc4 5. a4 Bf5 6. Ne5 Nbd7 7. Nxc4 Nb6 8.
Ne5 a5 9. e3 Nbd7 10. Nxd7 Qxd7 11. f3 e5 12. dxe5 Qxd1+ 13. Kxd1 O-O-O+ 14.
Ke1 Nd7 15. e4 Be6 16. Bg5 Re8 17. Ne2 Bb4+ 18. Kf2 Nxe5 19. Nd4 Bc5 20. Be3
Rd8 21. Rd1 Bb3 22. Nxb3 Bxe3+ 23. Ke1 Bf2+ 24. Ke2 Bb6 25. Ke1 Kc7 26. Be2 Be3
27. g3 g5 28. h4 Rxd1+ 29. Kxd1 Rd8+ 30. Kc2 h6 1/2-1/2

[Event "Dubai Open"]
[Site "?"]
[Date "2012.04.21"]
[Round "6"]
[White "Ni, Hua"]
[Black "Akopian, Vladimir"]
[Result "1/2-1/2"]
[WhiteElo "2637"]
[BlackElo "2684"]
[PlyCount "37"]
[EventDate "2012.??.??"]
[SourceDate "2012.04.21"]

1. e4 e5 2. Nf3 Nc6 3. d4 exd4 4. Nxd4 Bc5 5. Nxc6 Qf6 6. Qf3 bxc6 7. Nd2 Qxf3
8. Nxf3 Nf6 9. Bd3 d5 10. exd5 cxd5 11. O-O O-O 12. Bf4 Bb6 13. Rfe1 Bb7 14. c3
Rfe8 15. Nd4 Nh5 16. Bd2 Nf6 17. Bf4 Nh5 18. Bd2 Nf6 19. Bf4 1/2-1/2

[Event "Dubai Open"]
[Site "Dubai"]
[Date "2012.04.21"]
[Round "7"]
[White "Jobava, Baadur"]
[Black "Hovhannisyan, Robert"]
[Result "1/2-1/2"]
[WhiteElo "2706"]
[BlackElo "2600"]
[PlyCount "97"]
[EventDate "2012.??.??"]

1. d4 d5 2. c4 c6 3. Nc3 Nf6 4. cxd5 cxd5 5. Nf3 Nc6 6. Bf4 a6 7. Ne5 e6 8. e3
Nxe5 9. dxe5 Nd7 10. Rc1 g6 11. e4 dxe4 12. Nxe4 Bb4+ 13. Rc3 O-O 14. h4 Qa5
15. h5 f5 16. exf6 Qf5 17. Qd4 Bxc3+ 18. Nxc3 Qxf6 19. Be3 Qxd4 20. Bxd4 Nf6
21. hxg6 hxg6 22. Bd3 e5 23. Be3 Kf7 24. Ne4 Nxe4 25. Bxe4 Bf5 26. Bxb7 Rh8 27.
Rxh8 Rxh8 28. Bxa6 Ra8 29. Bb5 Rxa2 30. Bc4+ Be6 31. Bxa2 Bxa2 32. Kd2 Bc4 33.
Kc3 Bf1 34. g3 Ke6 35. Kb4 Kd5 36. Bd2 Be2 37. Ka5 Kc6 38. Bg5 Bf1 39. Bf6 e4
40. Kb4 Kd5 41. Kc3 Ba6 42. Bd8 Bf1 43. Kd2 Ba6 44. Ke3 Bb7 45. Kf4 Ke6 46. Ba5
Ba8 47. Bc3 Bb7 48. b4 Ba8 49. b5 1/2-1/2

[Event "Dubai Open"]
[Site "?"]
[Date "2012.04.22"]
[Round "8"]
[White "Jobava, Baadur"]
[Black "Baklan, Vladimir"]
[Result "1-0"]
[WhiteElo "2706"]
[BlackElo "2612"]
[PlyCount "71"]
[EventDate "2012.??.??"]
[SourceDate "2012.04.23"]

1. e4 e6 2. d4 d5 3. Nc3 Nf6 4. Bg5 Be7 5. e5 Nfd7 6. Bxe7 Qxe7 7. f4 a6 8. Qh5
c5 9. Nf3 Nc6 10. O-O-O b5 11. h4 cxd4 12. Nxd4 Nxd4 13. Rxd4 Qc5 14. Ne2 O-O
15. Rd1 f6 16. Nd4 fxe5 17. fxe5 Rf7 18. Bd3 Nf8 19. Kb1 Raa7 20. Nf3 Qe3 21.
Ng5 g6 22. Qh6 Qxe5 23. Nxf7 Rxf7 24. h5 g5 25. Rdf1 Rxf1+ 26. Rxf1 Qg7 27.
Qxg7+ Kxg7 28. h6+ Kg8 29. Rf6 e5 30. Bf5 Bxf5 31. Rxf5 Ng6 32. g4 d4 33. Kc1
e4 34. Rd5 e3 35. Rxd4 Nf4 36. Rd7 1-0

[Event "Dubai Open"]
[Site "?"]
[Date "2012.04.22"]
[Round "8"]
[White "Kuzuboc, Yuriy"]
[Black "Akopian, Vladimir"]
[Result "1/2-1/2"]
[WhiteElo "2615"]
[BlackElo "2684"]
[PlyCount "56"]
[EventDate "2012.??.??"]
[SourceDate "2012.04.23"]

1. d4 Nf6 2. c4 e6 3. Nf3 b6 4. g3 Bb7 5. Bg2 Bb4+ 6. Bd2 c5 7. Bxb4 cxb4 8.
O-O O-O 9. Nbd2 d6 10. Re1 Qc7 11. Rc1 a5 12. a3 bxa3 13. bxa3 Nbd7 14. Qb3 e5
15. Qb2 Rfe8 16. Nh4 Bxg2 17. Nxg2 exd4 18. Qxd4 Nc5 19. Nf4 Ne6 20. Nxe6 Rxe6
21. Rb1 Nd7 22. e4 Rc8 23. Re3 h6 24. h3 Qc6 25. Rbe1 Qc7 26. Rb1 Qc6 27. Rbe1
Qc7 28. Rb1 Qc6 1/2-1/2

[Event "Dubai Open"]
[Site "?"]
[Date "2012.04.23"]
[Round "9"]
[White "Akopian, Vladimir"]
[Black "Hovhannisyan, Robert"]
[Result "1/2-1/2"]
[WhiteElo "2684"]
[BlackElo "2600"]
[PlyCount "62"]
[EventDate "2012.??.??"]
[SourceDate "2012.04.24"]

1. d4 d5 2. c4 c6 3. Nc3 Nf6 4. e3 e6 5. Nf3 Nbd7 6. Qc2 Bd6 7. Bd3 O-O 8. O-O
dxc4 9. Bxc4 a6 10. Rd1 b5 11. Bf1 Qc7 12. e4 e5 13. Ne2 Re8 14. dxe5 Nxe5 15.
Nxe5 Bxe5 16. g3 Bb7 17. Bg2 Rac8 18. a4 c5 19. axb5 axb5 20. f4 Bd6 21. Ra7
Bxe4 22. Rxc7 Bxc2 23. Rxc8 Bxd1 24. Rxe8+ Nxe8 25. Nc3 Bb3 26. Nxb5 Bf8 27.
Bc6 Nd6 28. Kf2 Nxb5 29. Bxb5 g6 30. Be3 Bg7 31. Bxc5 Bxb2 1/2-1/2

[Event "Dubai Open"]
[Site "?"]
[Date "2012.04.23"]
[Round "9"]
[White "Ganguly, Surya Shekhar"]
[Black "Jobava, Baadur"]
[Result "0-1"]
[WhiteElo "2633"]
[BlackElo "2706"]
[PlyCount "100"]
[EventDate "2012.??.??"]
[SourceDate "2012.04.24"]

1. d4 Nf6 2. c4 g6 3. Nc3 Bg7 4. e4 d6 5. Nf3 O-O 6. Be2 Na6 7. O-O e5 8. Re1
c6 9. Bf1 Ng4 10. h3 exd4 11. Nxd4 Qb6 12. hxg4 Qxd4 13. g5 Qe5 14. Be3 Nc5 15.
Qc2 Qe7 16. Rad1 a5 17. f3 Be5 18. Ne2 f5 19. gxf6 Bxf6 20. Qd2 Bh4 21. g3 Bf6
22. Qxd6 Na4 23. Bh6 Nxb2 24. Qxe7 Bxe7 25. Rb1 Nxc4 26. Nd4 Na3 27. Bxf8 Kxf8
28. Rbc1 a4 29. Kh2 Ra5 30. e5 Rd5 31. Re4 Bc5 32. Ne2 Ke7 33. Rxa4 Nb5 34. Rh4
h5 35. Re4 Ba3 36. Re1 Bf5 37. Re3 Rd2 38. g4 hxg4 39. fxg4 Bxg4 40. Kg3 Bc5
41. Re4 Bf5 42. Rh4 g5 43. Rh5 Nc3 44. Rxg5 Ne4+ 45. Kf4 Nxg5 46. Kxf5 Ne6 47.
a4 Rb2 48. Rd1 Rb4 49. a5 Kf7 50. Bg2 Ng7+ 0-1

[Event "European Championship"]
[Site "Plovdiv BUL"]
[Date "2012.03.20"]
[Round "1"]
[White "Baron, Tal"]
[Black "Jakovenko, Dmitry"]
[Result "0-1"]
[WhiteElo "2497"]
[BlackElo "2729"]
[PlyCount "78"]
[EventDate "2012.??.??"]
[EventRounds "11"]
[EventCountry "BUL"]

1. e4 c5 2. Nf3 e6 3. d4 cxd4 4. Nxd4 a6 5. Nc3 d6 6. g4 Nc6 7. Be3 h6 8. Bg2
Nf6 9. h3 Bd7 10. O-O g5 11. Qe2 Be7 12. Rad1 Ne5 13. f4 gxf4 14. Rxf4 Nh7 15.
Rf2 Bh4 16. Rff1 Ng5 17. Nb3 Qc7 18. Rd4 Bc6 19. Bf4 Rd8 20. Kh1 O-O 21. Rfd1
b5 22. Nd2 Bb7 23. a4 Nc6 24. Rd3 Nb4 25. Rd4 Nxc2 26. Rxd6 Rxd6 27. Nf1 Rfd8
28. Qxc2 b4 29. Rxd6 Rxd6 30. Bxd6 Qxd6 31. Ne2 Qc6 32. Qb3 Nxe4 33. Ne3 Bg5
34. h4 Bxe3 35. Qxe3 Qc2 36. Kh2 Nf6 37. Bf3 Bxf3 38. Qxf3 Qxb2 39. Kg2 Nd5 0-1

[Event "European Championship"]
[Site "Plovdiv BUL"]
[Date "2012.03.20"]
[Round "1"]
[White "Berescu, Alin-Mile"]
[Black "Riazantsev, Alexander"]
[Result "1/2-1/2"]
[WhiteElo "2494"]
[BlackElo "2710"]
[PlyCount "144"]
[EventDate "2012.??.??"]
[EventRounds "11"]
[EventCountry "BUL"]

1. c4 e6 2. g3 d5 3. Bg2 dxc4 4. Nf3 a6 5. a4 Nc6 6. a5 Bb4 7. Ne5 Nxe5 8. Qa4+
Bd7 9. Qxb4 Bc6 10. Bxc6+ Nxc6 11. Qxc4 Qd5 12. Qxd5 exd5 13. d3 O-O-O 14. e3
f5 15. d4 Nf6 16. Nc3 g5 17. Bd2 Rhe8 18. Ra4 f4 19. Ke2 Ne4 20. Nxe4 dxe4 21.
h4 f3+ 22. Kd1 h6 23. Kc2 Ne7 24. Rc4 Nd5 25. Rc5 c6 26. Kb3 Rh8 27. Bc3 Kd7
28. Bb4 Ke6 29. Rh3 Rdg8 30. Rc1 h5 31. Rch1 Rh7 32. Kc4 g4 33. R3h2 b6 34. Ra1
Rb7 35. Bc3 b5+ 36. Kb3 Rc8 37. Bb4 Nxb4 38. Kxb4 c5+ 39. dxc5 Rd7 40. Rc1 Rd2
41. b3 Kd5 42. Rhh1 Kc6 43. Rhd1 Rcd8 44. Rxd2 Rxd2 45. Rf1 Rd3 46. Rc1 Rd2 47.
Rf1 Kb7 48. Kc3 Rd3+ 49. Kb4 Kc7 50. Rc1 Rd2 51. Rf1 Rc2 52. Ka3 Rxc5 53. Kb2
Rd5 54. Rc1+ Kd6 55. b4 Rd2+ 56. Rc2 Rd1 57. Kb3 Rd3+ 58. Kb2 Rd1 59. Kb3 Rf1
60. Rd2+ Ke6 61. Kb2 Ke5 62. Kc2 Ra1 63. Kb2 Re1 64. Kc2 Ke6 65. Kb2 Re2 66.
Kc2 Re1 67. Kb2 Rh1 68. Kc2 Re1 69. Kb2 Re2 70. Kc2 Re1 71. Kb2 Re2 72. Kc2 Re1
1/2-1/2

[Event "European Championship"]
[Site "Plovdiv BUL"]
[Date "2012.03.20"]
[Round "1"]
[White "Can, Emre"]
[Black "Sutovsky, Emil"]
[Result "0-1"]
[WhiteElo "2476"]
[BlackElo "2700"]
[PlyCount "88"]
[EventDate "2012.??.??"]
[EventRounds "11"]
[EventCountry "BUL"]

1. Nf3 Nf6 2. c4 g6 3. Nc3 d5 4. cxd5 Nxd5 5. Qc2 Nc6 6. d4 Ndb4 7. Qa4 Bd7 8.
Qd1 e5 9. dxe5 Bf5 10. Bg5 Be7 11. Bxe7 Qxe7 12. e4 Rd8 13. Qa4 Bd7 14. Qb3 Na5
15. Qd1 O-O 16. Be2 Bg4 17. Nd5 Nxd5 18. exd5 Bxf3 19. Bxf3 Qxe5+ 20. Qe2 Qxe2+
21. Kxe2 Rfe8+ 22. Kd3 Nc6 23. Rac1 Ne5+ 24. Ke2 Nxf3+ 25. Kxf3 Rxd5 26. Rxc7
Rd3+ 27. Kf4 Re2 28. Rxb7 Rxf2+ 29. Ke4 Rdd2 30. g3 a5 31. Rb5 Rde2+ 32. Kd3
Rxb2 33. Rxa5 h5 34. a4 Rxh2 35. Rxh2 Rxh2 36. Ke3 h4 37. gxh4 Rxh4 38. Ra7 Kg7
39. a5 Ra4 40. a6 g5 41. Kf3 Kg6 42. Kg3 Ra3+ 43. Kf2 f5 44. Kg2 f4 0-1

[Event "European Championship"]
[Site "Plovdiv BUL"]
[Date "2012.03.20"]
[Round "1"]
[White "Cioara, Andrei-Nestor"]
[Black "Naiditsch, Arkadij"]
[Result "0-1"]
[WhiteElo "2477"]
[BlackElo "2702"]
[PlyCount "60"]
[EventDate "2012.??.??"]
[EventRounds "11"]
[EventCountry "BUL"]

1. d4 Nf6 2. c4 e6 3. g3 Bb4+ 4. Bd2 c5 5. Bg2 O-O 6. Nf3 Nc6 7. O-O d6 8. Bxb4
cxb4 9. a3 bxa3 10. Rxa3 e5 11. h3 Re8 12. e3 Bf5 13. Nc3 a6 14. Nh4 Bd7 15.
Nf3 Rc8 16. Qb1 exd4 17. exd4 Nb4 18. b3 b5 19. Na2 a5 20. Rc1 Ne4 21. cxb5
Rxc1+ 22. Qxc1 Nd3 23. Qc4 Ndxf2 24. Kh2 Qf6 25. Nc3 Qg6 26. Nxe4 Nxe4 27. g4
h5 28. Qc7 Bxb5 29. Nh4 Qg5 30. Bxe4 Qf4+ 0-1

[Event "European Championship"]
[Site "Plovdiv BUL"]
[Date "2012.03.20"]
[Round "1"]
[White "Dreev, Aleksey"]
[Black "Arnaudov, G  Petar"]
[Result "1-0"]
[WhiteElo "2698"]
[BlackElo "2476"]
[PlyCount "57"]
[EventDate "2012.??.??"]
[EventRounds "11"]
[EventCountry "BUL"]

1. d4 Nf6 2. c4 e6 3. Nc3 Bb4 4. Qc2 Nc6 5. Nf3 d6 6. Bd2 O-O 7. a3 Bxc3 8.
Bxc3 Qe7 9. e3 e5 10. d5 Nb8 11. Nd2 c6 12. dxc6 Nxc6 13. Bd3 h6 14. O-O d5 15.
b4 dxc4 16. Nxc4 b5 17. Nd2 Rb8 18. Nb3 Be6 19. Nc5 Bd5 20. Qe2 a5 21. Bxb5
axb4 22. axb4 Ne4 23. Nxe4 Bxe4 24. f3 Bd5 25. Rfd1 Qe6 26. Ra6 Rfc8 27. e4 Bb3
28. Rb1 Qd7 29. Bxc6 1-0

[Event "European Championship"]
[Site "Plovdiv BUL"]
[Date "2012.03.20"]
[Round "1"]
[White "Fodor, Tamas Jr"]
[Black "Laznicka, Viktor"]
[Result "0-1"]
[WhiteElo "2482"]
[BlackElo "2702"]
[PlyCount "68"]
[EventDate "2012.??.??"]
[EventRounds "11"]
[EventCountry "BUL"]

1. d4 d5 2. c4 c6 3. Nc3 Nf6 4. cxd5 cxd5 5. Bf4 Nc6 6. e3 a6 7. Bd3 Bg4 8.
Nge2 e6 9. O-O Be7 10. h3 Bh5 11. Rc1 O-O 12. Na4 Nd7 13. Bg3 Rc8 14. a3 b5 15.
Nc5 Nxc5 16. dxc5 Na5 17. b4 Nc4 18. Qc2 Bg6 19. Bxg6 hxg6 20. Rfd1 Bg5 21. Ra1
f5 22. a4 Bf6 23. axb5 Bxa1 24. Rxa1 axb5 25. Nf4 Rc6 26. Ra7 e5 27. Nd3 Re6
28. Qa2 g5 29. c6 f4 30. c7 Qc8 31. Bh2 Re7 32. h4 Rxc7 33. hxg5 Rxa7 34. Qxa7
Qf5 0-1

[Event "European Championship"]
[Site "Plovdiv BUL"]
[Date "2012.03.20"]
[Round "1"]
[White "Giri, Anish"]
[Black "Jianu, Vlad-Cristian"]
[Result "1-0"]
[WhiteElo "2717"]
[BlackElo "2497"]
[PlyCount "97"]
[EventDate "2012.??.??"]
[EventRounds "11"]
[EventCountry "BUL"]

1. Nf3 d5 2. c4 e6 3. g3 Nf6 4. Bg2 Be7 5. O-O O-O 6. d4 c5 7. cxd5 exd5 8. Nc3
Nc6 9. dxc5 Bxc5 10. Na4 Be7 11. Be3 Bg4 12. Rc1 Re8 13. h3 Bxf3 14. exf3 Qd7
15. Nc5 Bxc5 16. Rxc5 h6 17. Qd3 Rad8 18. Rd1 Qe6 19. Qb3 b6 20. Rcc1 d4 21.
Qxe6 Rxe6 22. Bd2 d3 23. Bf1 Nd4 24. Kg2 Ne2 25. Rc7 a5 26. Rc4 g5 27. a4 Kg7
28. b4 axb4 29. Bxb4 Nd5 30. Ba3 Kg6 31. Bb2 h5 32. Kh2 Ne7 33. Rd2 h4 34. gxh4
Nf5 35. hxg5 Kxg5 36. Re4 Nh4 37. Bxe2 Rxe4 38. fxe4 dxe2 39. Rxe2 Kf4 40. Bc1+
Kf3 41. Rb2 Rg8 42. Be3 Ng2 43. Bxb6 Ne1 44. Rb3+ Ke2 45. Re3+ Kf1 46. h4 Rh8
47. Kg3 Ng2 48. Ra3 Rg8+ 49. Kf3 1-0

[Event "European Championship"]
[Site "Plovdiv BUL"]
[Date "2012.03.20"]
[Round "1"]
[White "Grigorov, Grigor"]
[Black "Grachev, Boris"]
[Result "1/2-1/2"]
[WhiteElo "2489"]
[BlackElo "2705"]
[PlyCount "135"]
[EventDate "2012.??.??"]
[EventRounds "11"]
[EventCountry "BUL"]

1. d4 e6 2. c4 d5 3. Nf3 Nf6 4. Nc3 Nbd7 5. Bf4 dxc4 6. e3 a6 7. a4 Bd6 8. Bg3
b6 9. Bxc4 Bb7 10. Qe2 O-O 11. O-O Bxg3 12. hxg3 c5 13. Rfd1 Qe7 14. d5 exd5
15. Nxd5 Nxd5 16. Bxd5 Nf6 17. Bxb7 Qxb7 18. Qc4 Rfe8 19. a5 h6 20. axb6 Qxb6
21. b3 Re4 22. Qc2 Rb8 23. Rd3 Rb4 24. Nd2 Ng4 25. Rc3 c4 26. Nxc4 Qf6 27. Rf1
Qg5 28. f3 Nf6 29. Nd6 Qxg3 30. Rc8+ Rxc8 31. Qxc8+ Kh7 32. Qc2+ Qg6 33. Qxg6+
Kxg6 34. Ra1 Rxb3 35. Rxa6 Nd5 36. e4 Nf4 37. Nf5+ Kh7 38. Ra2 Rd3 39. Kf2 g6
40. Ne3 h5 41. g3 Nh3+ 42. Ke2 Rb3 43. e5 Kg7 44. Ra7 Rb2+ 45. Kd3 Rb3+ 46. Ke2
Rb2+ 47. Kd3 Nf2+ 48. Kc3 Re2 49. Nc4 Nh1 50. Nd6 Rxe5 51. Nxf7 Re2 52. Ng5+
Kg8 53. Ra8+ Kg7 54. Ra7+ Kf8 55. Ra8+ Ke7 56. Ra7+ Ke8 57. Ra8+ Ke7 58. Ra7+
Ke8 59. Ra8+ Kd7 60. Ra7+ Kd8 61. Ra8+ Kc7 62. Ra7+ Kb6 63. Rg7 Nxg3 64. Rxg6+
Kb7 65. Rh6 Re5 66. Ne4 Nxe4+ 67. fxe4 Rxe4 68. Rxh5 1/2-1/2